000 00558nam a2200229Ia 4500
003 OSt
005 20221005124530.0
006 a|||||r|||| 00| 0
007 ta
008 221004b |||||||| |||| 00| 0 mal d
024 _a62065
037 _cTextual
040 _aCRL
_cCRL
_bmal
041 _2mal
_amal
082 _aNS212, 32J5
100 _aNair S. K. Au.
_9584320
245 0 _aNalacharitham athakatha
260 _c1955
650 _aARTS
942 _hNS212, 32J5
_cTEXL
_2cc
999 _c1050771
_d1050771